000 00488nam a2200181Ia 4500
001 828
005 20260306140546.0
008 260306t2005||||xx |||||||||||||| ||spa||
041 _aESP
082 _a170
_bM29
100 _aMauri Álvarez, Margarita
_eAUT
245 0 _aEl conocimiento moral :
_bShaftesbury, Hutcheson, Hume, Smith, Brentano, Scheler, Santo Tomás
260 _c2005
300 _a153 páginas :
_c20 cm.
650 _aGEN
654 _aCHU
942 _cLIB
_dJUS
_fJUS
_2ddc
_n
999 _c828
_d828